[Event "76. LJUBLJANSKA SAHOVSKA LIGA 2024"]
[Site "gostovanja"]
[Date "2024.04.04"]
[Round "7.7"]
[White "Magerl, Zan"]
[Black "Jancigaj, Saso Valentin"]
[Result "1/2-1/2"]
[WhiteElo "1398"]
[BlackElo "1613"]
[PlyCount "126"]
[EventDate "2024.01.18"]
[WhiteTeam "SK DOL PRI LJUBLJANI"]
[BlackTeam "SK VISNJA GORA - STICNA"]

1. e4 e6 2. d4 d5 3. exd5 exd5 4. Nf3 c6 5. Be2 Bd6 6. O-O Nf6 7. Re1 O-O 8.
Bg5 Bg4 9. c3 Nbd7 10. Nbd2 Qc7 11. h3 Bh5 12. Bxf6 Nxf6 13. Ne5 Bg6 14. Nxg6
fxg6 15. Nf3 Rae8 16. Qc2 Ne4 17. Rf1 Re7 18. Bd3 Rf4 19. Rae1 a5 20. a4 h6 21.
Bxe4 Rfxe4 22. Rxe4 Rxe4 23. Re1 Qe7 24. Rxe4 dxe4 25. Qb3+ Kh7 26. Ne5 Bxe5
27. dxe5 Qxe5 28. Qxb7 e3 29. fxe3 Qxe3+ 30. Kh1 Qc1+ 31. Kh2 Qf4+ 32. Kg1 Qxa4
33. Kh2 Qb5 34. Qxb5 cxb5 35. g4 Kg8 36. Kg3 Kf7 37. Kf3 Ke6 38. Ke4 g5 39. Kd4
Kd6 40. c4 bxc4 41. Kxc4 Kc6 42. b3 g6 43. Kd4 Kb5 44. Kc3 Kc5 45. Kd3 Kd5 46.
Ke3 h5 47. Kd3 Kc5 48. Kc3 Kb5 49. Kc2 Kc5 50. Kc3 Kd5 51. Kd3 Kc5 52. Kc3 Kb5
53. Kc2 Kb4 54. Kb2 hxg4 55. hxg4 Kb5 56. Kc2 Kc5 57. Kc3 Kd5 58. Kd3 Kc5 59.
Kc3 Kd5 60. Kd3 Kc5 61. Kc3 Kb5 62. Kc2 Kb4 63. Kb2 Kb5 1/2-1/2

[Event "76. LJUBLJANSKA SAHOVSKA LIGA 2024"]
[Site "gostovanja"]
[Date "2024.04.04"]
[Round "7.7"]
[White "Pisek, Igor"]
[Black "Zdolc, Damjan"]
[Result "0-1"]
[WhiteElo "1000"]
[BlackElo "1000"]
[PlyCount "118"]
[EventDate "2024.01.18"]
[WhiteTeam "SK VISNJA GORA - STICNA"]
[BlackTeam "SK DOL PRI LJUBLJANI"]

1. e4 d6 2. d4 Nf6 3. Nc3 g6 4. f4 Bg7 5. e5 Nfd7 6. Nf3 dxe5 7. fxe5 e6 8. Bb5
c6 9. Ba4 b5 10. Bb3 Qb6 11. Qe2 a5 12. a4 Ba6 13. Qf2 b4 14. Ne4 Qc7 15. Nd6+
Ke7 16. Ng5 Rf8 17. Nxh7 Qd8 18. Nxf8 Qxf8 19. Bg5+ f6 20. exf6+ Bxf6 21. Bxf6+
Qxf6 22. Qxf6+ Nxf6 23. Nc4 Bxc4 24. Bxc4 Nbd7 25. O-O Nf8 26. Rae1 Rd8 27. c3
N6d7 28. Re2 Nf6 29. h3 Nh5 30. Kh2 Nf6 31. Re5 Nd5 32. Bxd5 cxd5 33. cxb4 axb4
34. Rc1 b3 35. Rc7+ Kd6 36. Rb7 Ra8 37. Rxb3 Rxa4 38. Re1 Rxd4 39. Rb8 Nd7 40.
Rg8 Ne5 41. Rd8+ Nd7 42. Re2 Rb4 43. Kg3 d4 44. Rd2 Ke7 45. Ra8 e5 46. Ra7 Ke6
47. Ra6+ Nb6 48. Kf2 e4 49. Ke2 Ke5 50. Ra5+ Kf4 51. g3+ Kxg3 52. Rg5+ Kf4 53.
Rxg6 Nc4 54. Rd1 Rxb2+ 55. Ke1 d3 56. Rg4+ Kf3 57. Rxd3+ exd3 58. Rxc4 Ke3 59.
Kd1 Rb1+ 0-1

[Event "76. LJUBLJANSKA SAHOVSKA LIGA 2024"]
[Site "gostovanja"]
[Date "2024.04.04"]
[Round "7.8"]
[White "Babarovic, Fran"]
[Black "Kolaric, Spela"]
[Result "0-1"]
[WhiteElo "1644"]
[BlackElo "2089"]
[PlyCount "62"]
[EventDate "2024.01.18"]
[WhiteTeam "SK KOMENDA POGI"]
[BlackTeam "SD KOCEVJE"]

1. e4 c5 2. Nc3 e6 3. g3 d5 4. exd5 exd5 5. d4 Nc6 6. Nge2 Bg4 7. Qd2 Nf6 8.
Bg2 cxd4 9. Nxd4 Qe7+ 10. Kf1 Rd8 11. f3 Bd7 12. Ndb5 Be6 13. Qf4 Rc8 14. Be3
a6 15. Nd4 Qb4 16. Nb3 Bd6 17. Qxb4 Nxb4 18. Nd4 Be5 19. Rc1 Rc4 20. Nce2 Nxa2
21. Ra1 Nb4 22. c3 Nd3 23. b4 O-O 24. f4 Bxd4 25. Bxd4 Ne4 26. Bxe4 dxe4 27.
Kg2 Bg4 28. Ng1 Rfc8 29. h3 Rxd4 30. cxd4 Rc2+ 31. Ne2 Bf3+ 0-1

[Event "76. LJUBLJANSKA SAHOVSKA LIGA 2024"]
[Site "gostovanja"]
[Date "2024.04.04"]
[Round "7.8"]
[White "Hlebec, Jure"]
[Black "Macek, Inti"]
[Result "0-1"]
[WhiteElo "1116"]
[BlackElo "1408"]
[PlyCount "112"]
[EventDate "2024.01.18"]
[WhiteTeam "SD KOCEVJE"]
[BlackTeam "SK KOMENDA POGI"]

1. e4 e5 2. Nf3 Nc6 3. Bc4 Bc5 4. d3 Nf6 5. Nc3 O-O 6. O-O h6 7. Be3 Bb6 8. d4
d6 9. h3 Re8 10. d5 Ne7 11. Nh2 Ng6 12. Qf3 Bd7 13. Rfd1 Rf8 14. Nf1 Nh7 15.
Bxb6 axb6 16. Ne3 Ng5 17. Qg3 Nf4 18. Ng4 b5 19. Bd3 b4 20. Nb1 Nxe4 21. Nxh6+
Kh8 22. Qe3 Nf6 23. Nf5 Bxf5 24. Bxf5 N6xd5 25. Qf3 Qg5 26. Be4 f5 27. Bxd5 e4
28. Bxe4 fxe4 29. Qg4 Qxg4 30. hxg4 e3 31. fxe3 Ne2+ 32. Kh2 g6 33. Re1 Rf2 34.
Nd2 Kg7 35. Rxe2 Rxe2 36. Nf3 Rxc2 37. b3 Raxa2 38. Rxa2 Rxa2 39. Nd4 Rb2 40.
Kg3 c5 41. Nb5 Rxb3 42. Nxd6 Rxe3+ 43. Kf2 Re6 44. Nxb7 c4 45. Na5 c3 46. Nb3
c2 47. g3 Rc6 48. Nc1 b3 49. Nxb3 c1=Q 50. Nxc1 Rxc1 51. Kf3 Kf6 52. Kf4 Rc4+
53. Kf3 Ke5 54. g5 Kf5 55. Kg2 Kg4 56. Kh2 Rc2+ 0-1

[Event "76. LJUBLJANSKA SAHOVSKA LIGA 2024"]
[Site "gostovanja"]
[Date "2024.04.04"]
[Round "7.8"]
[White "Zagar, Katarina"]
[Black "Vesel, Vito"]
[Result "0-1"]
[WhiteElo "1131"]
[BlackElo "1000"]
[PlyCount "58"]
[EventDate "2024.01.18"]
[WhiteTeam "SK KOMENDA POGI"]
[BlackTeam "SD KOCEVJE"]

1. d4 d5 2. c4 dxc4 3. e4 e6 4. Nf3 Bb4+ 5. Bd2 Bxd2+ 6. Qxd2 Ne7 7. Bxc4 Ng6
8. Nc3 c6 9. a4 O-O 10. g4 e5 11. h3 exd4 12. O-O-O c5 13. b4 Nc6 14. Nd5 b6
15. a5 Nce5 16. Nxe5 Nxe5 17. Ba2 Be6 18. f4 Nd7 19. g5 Rc8 20. axb6 axb6 21.
b5 Bxd5 22. Bxd5 Qc7 23. Bc4 Qa7 24. Qe2 Qa3+ 25. Kc2 Ra8 26. Rb1 Qc3+ 27. Kd1
Ra1 28. Qc2 Rxb1+ 29. Qxb1 Qxc4 0-1

[Event "76. LJUBLJANSKA SAHOVSKA LIGA 2024"]
[Site "gostovanja"]
[Date "2024.04.04"]
[Round "7.8"]
[White "Doutlik, Mak"]
[Black "Perme, Stanko"]
[Result "0-1"]
[WhiteElo "1000"]
[BlackElo "1056"]
[PlyCount "58"]
[EventDate "2024.01.18"]
[WhiteTeam "SD KOCEVJE"]
[BlackTeam "SK KOMENDA POGI"]

1. e4 d5 2. e5 Bf5 3. Nc3 e6 4. d4 c5 5. Bb5+ Nd7 6. Be3 c4 7. Qd2 a6 8. Bxd7+
Qxd7 9. Nf3 Bb4 10. O-O Ne7 11. a3 Bxc3 12. bxc3 Ng6 13. Rab1 Rb8 14. Ng5 Qa4
15. Rbc1 Qxa3 16. Ra1 Qb2 17. Rfc1 O-O 18. Rab1 Qa3 19. f3 h6 20. Nxe6 Bxe6 21.
Ra1 Qe7 22. g4 Nh4 23. Bf2 Nxf3+ 24. Kg2 Nxd2 25. Be3 Ne4 26. Kf3 Qh4 27. Rg1
Qh3+ 28. Rg3 Bxg4+ 29. Kf4 g5# 0-1

[Event "76. LJUBLJANSKA SAHOVSKA LIGA 2024"]
[Site "gostovanja"]
[Date "2024.04.18"]
[Round "9.5"]
[White "Bohorc, Edo"]
[Black "Jukan, Nesib"]
[Result "1/2-1/2"]
[WhiteElo "2027"]
[BlackElo "1943"]
[PlyCount "29"]
[EventDate "2024.01.18"]
[WhiteTeam "SD CRNI GRABEN"]
[BlackTeam "SK TRZIN"]

1. e4 e5 2. Nf3 Nf6 3. Nc3 Bb4 4. d3 d5 5. exd5 Qxd5 6. Bd2 Bxc3 7. Bxc3 Nc6 8.
Be2 O-O 9. O-O Re8 10. Re1 Bg4 11. Ng5 Bxe2 12. Qxe2 Nd4 13. Qd2 h6 14. Ne4
Nxe4 15. dxe4 1/2-1/2

[Event "76. LJUBLJANSKA SAHOVSKA LIGA 2024"]
[Site "gostovanja"]
[Date "2024.04.18"]
[Round "9.5"]
[White "Lanjscek, Miha"]
[Black "Skok, Boris"]
[Result "1/2-1/2"]
[WhiteElo "1745"]
[BlackElo "1925"]
[PlyCount "36"]
[EventDate "2024.01.18"]
[WhiteTeam "SK TRZIN"]
[BlackTeam "SD CRNI GRABEN"]

1. d4 Nf6 2. c4 e6 3. Nc3 Bb4 4. Qc2 d5 5. a3 Bxc3+ 6. Qxc3 O-O 7. Bg5 h6 8.
Bh4 Nc6 9. e3 a5 10. Nf3 g5 11. Bg3 Ne4 12. Qc2 Bd7 13. Nd2 f5 14. f3 Nxg3 15.
hxg3 Qf6 16. f4 g4 17. Nb3 b6 18. Kf2 Rac8 1/2-1/2

[Event "76. LJUBLJANSKA SAHOVSKA LIGA 2024"]
[Site "gostovanja"]
[Date "2024.04.18"]
[Round "9.5"]
[White "Markic, Vladimir"]
[Black "Hribar, Janez"]
[Result "0-1"]
[WhiteElo "1594"]
[BlackElo "1868"]
[PlyCount "71"]
[EventDate "2024.01.18"]
[WhiteTeam "SK TRZIN"]
[BlackTeam "SD CRNI GRABEN"]

1. d4 Nf6 2. Nf3 d5 3. Bg5 e6 4. e3 Be7 5. Bd3 c5 6. c3 Qb6 7. b3 Nbd7 8. O-O
h6 9. Bf4 Nh5 10. Bg3 Nxg3 11. hxg3 O-O 12. Nbd2 Qc7 13. Qe2 f5 14. Nh4 Bd6 15.
Rfc1 Nf6 16. f4 Ne4 17. Bxe4 fxe4 18. Ng6 Rf6 19. Ne5 Bxe5 20. fxe5 Rg6 21. Kh2
b6 22. Qh5 Kh7 23. Qe2 Qe7 24. c4 Qg5 25. Qe1 cxd4 26. exd4 Ba6 27. cxd5 exd5
28. Rc3 Rf8 29. Rac1 h5 30. Rc6 Bd3 31. Rxg6 Qxg6 32. Qe3 Qf5 33. Kg1 Qg4 34.
Nf1 h4 35. gxh4 Qxh4 36. Qh3 0-1